|
|
|
|
| LEADER |
01819cam a2200349 a 4500 |
| 001 |
c000396651 |
| 003 |
CARM |
| 005 |
20140317094135.0 |
| 008 |
140317s1999 dcua b 000 0 eng d |
| 010 |
|
|
|a 98088191
|
| 019 |
1 |
|
|a 69841450
|5 LACONCORD2021
|
| 020 |
|
|
|a 0309062934 (pbk.)
|
| 035 |
|
|
|a (OCoLC)40651340
|5 LACONCORD2021
|
| 040 |
|
|
|a DLC
|b eng
|c DLC
|d OrLoB-B
|d LC
|d QSCUC
|
| 042 |
|
|
|a pcc
|
| 043 |
|
|
|a n-us---
|
| 050 |
0 |
0 |
|a TD223
|b .N365 1999
|
| 082 |
0 |
4 |
|a 363.610973
|2 21
|
| 110 |
2 |
|
|a National Research Council (U.S.).
|b Committee on Drinking Water Contaminants.
|
| 245 |
1 |
0 |
|a Setting priorities for drinking water contaminants /
|c Committee on Drinking Water Contaminants, Water Science and Technology Board, Board on Environmental Studies and Toxicology, Commission on Geosciences, Environment, and Resources.
|
| 260 |
|
|
|a Washington, D.C. :
|b National Academy Press,
|c 1999.
|
| 300 |
|
|
|a xi, 113 p. :
|b ill. ;
|c 23 cm.
|
| 504 |
|
|
|a Includes bibliographical references.
|
| 505 |
0 |
|
|a 1. Introduction -- 2. Review of Existing Chemical Prioritization Schemes -- 3. Review of Methods for Assessing Microbial Pathogens -- 4. Approach Used to Develop the 1998 CCL -- 5. Selecting Contaminants on the CCL for Future Action: Recommended Decision Process -- App. A. Assessing Uncertainty in Decision Processes.
|
| 650 |
|
0 |
|a Drinking water
|x Standards
|z United States.
|
| 650 |
|
0 |
|a Drinking water
|x Contamination
|z United States.
|
| 650 |
|
0 |
|a Water quality management
|z United States.
|
| 852 |
8 |
|
|b CARM
|p 0601439
|f BK
|
| 852 |
8 |
|
|b SCAN
|h A3:AE35B0
|i B12261
|p 0601439
|f BK
|
| 999 |
f |
f |
|i c86b07b6-1e31-5de4-83c9-27b8f10c6d56
|s a41be8a3-aa28-5211-8b81-4423ade99d17
|
| 952 |
f |
f |
|p Can circulate
|a CAVAL
|b CAVAL
|c CAVAL
|d CARM 1 Store
|i book
|m 0601439
|
| 952 |
f |
f |
|a CAVAL
|b CAVAL
|c CAVAL
|d Unmapped Location
|e B12261
|f A3:AE35B0
|h Other scheme
|